JULBEMD Common Bonds Quiz Stats

Quiz Updated Jul 31, 2014

Challenge
Share
Tweet
Embed
Score 0/48 Timer 12:00
0 Plays Today
a b % Correct
ScienceIo
89.2%
CarsJetta
83.4%
MusicMagic Bus
82.3%
LanguageWeek
80%
LanguageDead
80%
LanguageSplit
76.6%
ScienceJUPITER
75.5%
LiteratureOliver Twist
73.5%
HistoryThe Moon landing
73.4%
GamingLuigi
72.3%
CarsBeetle
72.3%
GamingMARIO
70.8%
History1969
70.2%
CarsVOLKSWAGEN
69.3%
HistoryWoodstock music festival
68.6%
LanguageEND
64.3%
LiteratureGreat Expectations
63.6%
Sports VenuesWrigley Field
63.4%
LiteratureCHARLES DICKENS
63.2%
MoviesSaving Private Ryan
63.2%
Sports VenuesCHICAGO
61.5%
GamingPrincess Peach
60.5%
TelevisionJulia Louis-Dreyfus
58.9%
GamingBowser
58.2%
a b % Correct
LiteratureA Christmas Carol
56.7%
TelevisionSEINFELD
55.9%
TelevisionMichael Richards
55.8%
GeographySydney
53.4%
MusicPinball Wizard
53%
GeographyAUSTRALIA
52.7%
MoviesInvictus
52%
MoviesMATT DAMON
52%
MusicTHE WHO
50.7%
TelevisionJason Alexander
48.4%
Sports VenuesSoldier Field
45%
MusicMy Generation
39%
ScienceEuropa
32.5%
Sports VenuesUnited Center
32.2%
HistoryCharles de Gaulle resigns
31.6%
ScienceGanymede
31.2%
GeographyMelbourne
28.6%
GeographyBrisbane
28%
SportsJoe Sakic
26.9%
MoviesRounders
21.8%
SportsMats Sundin
20.9%
SportsGuy Lafleur
20.5%
CarsTouareg
18.9%
SportsQUEBEC NORDIQUES
12%

You're not logged in!

Compare scores with friends on all Sporcle quizzes.
Join for Free
OR
Log In

You Might Also Like...

Show Comments

Extras

Top Quizzes Today


Score Distribution

Your Account Isn't Verified!

In order to create a playlist on Sporcle, you need to verify the email address you used during registration. Go to your Sporcle Settings to finish the process.

Report this User

Report this user for behavior that violates our Community Guidelines.

Details: